100 Biggest U.S. Cities in 1950 on a Map - Statistics

General Stats
  • This quiz has been taken 1,084 times
  • The average score is 79 of 100
Answers on the Map
Answers color-coded by a green-red scale on the quiz's map according to % correct below.
 
Answer Stats
Rank State Population City % Correct
4 CA 1,970,358 Los Angeles
99%
2 IL 3,620,962 Chicago
98%
1 NY 7,891,957 New York
98%
11 CA 775,357 San Francisco
98%
10 MA 801,444 Boston
97%
22 TX 434,462 Dallas
97%
14 TX 596,163 Houston
97%
42 FL 249,276 Miami
97%
3 PA 2,071,605 Philadelphia
97%
19 WA 467,591 Seattle
97%
33 GA 331,314 Atlanta
96%
5 MI 1,849,568 Detroit
96%
16 LA 570,445 New Orleans
96%
31 CA 334,387 San Diego
96%
9 DC 802,178 Washington, D.C.
96%
24 CO 415,786 Denver
95%
99 AZ 106,818 Phoenix
95%
29 OR 373,628 Portland
95%
52 UT 182,121 Salt Lake City
95%
73 TX 132,459 Austin
94%
23 IN 427,173 Indianapolis
94%
20 MO 456,622 Kansas City
94%
77 KS 129,553 Kansas City
94%
17 MN 521,718 Minneapolis
94%
56 TN 174,307 Nashville
94%
45 OK 243,504 Oklahoma City
94%
25 TX 408,442 San Antonio
94%
8 MO 856,796 St. Louis
94%
6 MD 949,708 Baltimore
93%
12 PA 676,806 Pittsburgh
93%
85 FL 124,681 Tampa
93%
15 NY 580,132 Buffalo
92%
7 OH 914,808 Cleveland
92%
49 FL 204,517 Jacksonville
92%
26 TN 396,000 Memphis
92%
13 WI 637,392 Milwaukee
92%
67 CA 137,572 Sacramento
92%
18 OH 503,998 Cincinnati
91%
28 OH 375,901 Columbus
91%
76 TX 130,485 El Paso
91%
69 NY 134,995 Albany
89%
82 LA 125,629 Baton Rouge
89%
70 NC 134,042 Charlotte
89%
38 TX 278,778 Fort Worth
89%
46 VA 230,310 Richmond
88%
35 MN 311,349 St. Paul
88%
34 AL 326,037 Birmingham
87%
53 IA 177,965 Des Moines
86%
30 KY 369,129 Louisville
86%
40 NE 251,117 Omaha
86%
43 RI 248,674 Providence
86%
51 OK 182,740 Tulsa
85%
21 NJ 438,776 Newark
83%
27 CA 384,575 Oakland
83%
54 CT 177,397 Hartford
82%
78 AL 129,009 Mobile
81%
58 KS 168,279 Wichita
81%
32 NY 332,488 Rochester
80%
88 GA 119,638 Savannah
80%
61 MA 162,399 Springfield
80%
62 WA 161,721 Spokane
79%
36 OH 303,616 Toledo
78%
98 TX 108,287 Corpus Christi
76%
37 NJ 299,017 Jersey City
76%
39 OH 274,605 Akron
75%
84 TN 124,769 Knoxville
75%
47 NY 220,583 Syracuse
75%
55 MI 176,515 Grand Rapids
74%
59 CT 164,443 New Haven
72%
75 PA 130,803 Erie
71%
41 CA 250,767 Long Beach
71%
48 VA 213,513 Norfolk
70%
44 OH 243,872 Dayton
69%
65 WA 143,673 Tacoma
69%
80 NJ 128,009 Trenton
69%
74 TN 131,041 Chattanooga
68%
72 IN 133,607 Fort Wayne
68%
71 IN 133,911 Gary
68%
63 CT 158,709 Bridgeport
65%
81 LA 127,206 Shreveport
64%
50 MA 203,486 Worcester
64%
64 NY 152,798 Yonkers
63%
83 PA 125,536 Scranton
62%
95 DE 110,356 Wilmington
62%
60 MI 163,143 Flint
60%
100 PA 106,756 Allentown
58%
90 IN 115,911 South Bend
57%
68 VA 135,449 Arlington
55%
94 IL 111,856 Peoria
54%
87 MA 120,740 Cambridge
53%
79 IN 128,636 Evansville
52%
57 OH 168,330 Youngstown
51%
92 NJ 112,817 Elizabeth
46%
86 NJ 124,555 Camden
45%
89 OH 116,912 Canton
43%
66 NJ 139,336 Paterson
43%
91 CA 113,805 Berkeley
42%
96 PA 109,320 Reading
40%
97 MA 109,189 New Bedford
38%
93 MA 111,963 Fall River
34%
No matching quizzes found
Score Distribution
Percent of People with Each Score
Percentile by Number Answered
Your Score History
You have not taken this quiz